000
00311nam a2200157Ia 4500
100
_a
Subramanian/Raja
650
_a
Mechanics
942
_c
BK
366
_f
20
245
_a
Fluid mechanics
260
_b
Jaico
_c
2010
082
_a
532
_b
SUB
300
_a
292
546
_a
ENGLISH
_c
Info.Tech
999
_c
28890
_d
28890